[Event "Corus-B"]
[Site "Wijk aan Zee"]
[Date "2004.01.19"]
[Round "8"]
[White "Granda Zuniga, Julio E"]
[Black "Nakamura, Hikaru"]
[Result "1-0"]
[WhiteElo "2581"]
[BlackElo "2571"]
[Annotator "Ftacnik,L"]
[PlyCount "147"]
[EventDate "2004.01.10"]
[EventType "tourn"]
[EventRounds "13"]
[EventCountry "NED"]
[EventCategory "13"]
[SourceTitle "CBM 099"]
[Source "ChessBase"]
[SourceDate "2004.03.30"]
[SourceVersion "1"]
[SourceVersionDate "2004.03.30"]
[SourceQuality "1"]

1. d4 {Hecht} Nf6 2. Nf3 g6 3. g3 Bg7 4. Bg2 O-O 5. O-O d5 6. c4 dxc4 7. Na3 c3
8. bxc3 c5 9. e3 Nc6 10. Qe2 Bf5 11. Rd1 cxd4 12. cxd4 Rc8 13. Bb2 Nb4 14. Ne1
{Black has excellent pieces and his only worry is white's central majority.} (
14. Ne5 Be4 15. Bh3 e6 16. f3 Bf5 17. Bf1 Bc2 18. Rdc1 Ba4 19. Rxc8 Qxc8 20.
Qd2 Nc6 21. Nac4 Rd8 22. Rc1 $14 {1/2-1/2 Makarov,M-Svidler,P/Togliatti 2003/ 
(22)}) 14... Bg4 15. Bf3 Bxf3 16. Nxf3 (16. Qxf3 Qd5 17. Qxd5 Nbxd5 $15) 16...
Qd5 17. Ne5 Nxa2 (17... Rfd8 18. f3 Qe6 19. e4 Nxa2 20. Kg2 Nc3 21. Bxc3 Rxc3
22. Nb5 $11) 18. Nac4 b5 $1 (18... Nb4 19. Rxa7 $14) 19. Rxa2 bxc4 {Nakamura's
c pawn is a lone runner, but with support of black pieces could become very
dangerous.} 20. Rda1 (20. Rxa7 c3 21. Ba3 Ra8 22. Rxa8 Rxa8 23. Bxe7 Ne4 24.
Nd3 Qb7 25. Bc5 Ng5 26. Qc2 Nf3+ 27. Kf1 Nxh2+ 28. Kg1 $11) 20... c3 21. Bc1
Ne4 22. Ra5 Qe6 23. Nd3 Nd6 (23... c2 24. Rxa7 Rfd8 $15) 24. Rxa7 (24. Nc5 Qh3
25. Ba3 Rfe8 26. Qd3 Qf5 27. Qxc3 e5 28. Qb4 $11) 24... Nb5 25. Nf4 Qc6 26.
R7a5 (26. Rxe7 $6 c2 27. Ra5 Bf6 28. Rxf7 Rxf7 29. Rxb5 Qc3 $15) 26... Rb8 27.
Nd3 Rfc8 28. Qc2 Qb6 (28... Qe4 29. R1a2 $11) 29. Nc5 Qd8 30. Qa4 {Granda
Zuniga is slowly improving his position, but chances are still about equal.}
Nc7 (30... Nd6 31. Nd7 Rb7 32. Nc5 Rbc7 33. Ra3 e5 34. Rxc3 exd4 35. exd4 Nf5
36. Bf4 Nxd4 37. Bxc7 Ne2+ 38. Kg2 Nxc3 39. Bxd8 Nxa4 $11) 31. Nd7 Ra8 (31...
Rb7 32. Qc6 $16) 32. Nb6 Rxa5 33. Qxa5 Rb8 34. Nc4 Nd5 (34... Nb5 35. Qxd8+
Rxd8 36. Rb1 $11) 35. Qxd8+ Rxd8 36. Kf1 c2 $6 {It was more exact to let white
sweat and fight for balance after} (36... Rc8 37. Ra4 c2 38. Ke1 Nc3 39. Nb6
Rb8 40. Rc4 Na2 41. Nd7 Rd8 42. Rxc2 Nxc1 43. Nc5 e5 44. Rxc1 exd4 45. e4 $11)
37. Bd2 Rc8 38. Na3 e5 39. dxe5 Bf8 (39... Bxe5 40. Rc1 f5 41. Rxc2 Rxc2 42.
Nxc2 $14) 40. Bc1 Bb4 ({It is a paradox, but black might have had to take on
a3 in order to save the half a point} 40... Bxa3 $5 41. Rxa3 Nc3 42. f3 h5 43.
h4 Kf8 44. Ke1 Ke7 $11) (40... Nb4 41. Ke2 Be7 42. e4 Rc3 43. f4 $14) 41. Ra2
Ra8 $2 (41... Bxa3 $5) 42. Rxc2 Bxa3 (42... Rxa3 43. Bxa3 Bxa3 44. e4 Ne7 45.
f4 $16) 43. Ra2 Bxc1 44. Rxa8+ Kg7 45. Ra5 {[%mdl 4096] Black pieces are
poorly coordinated so white has a fair chance of making his life difficult.}
Nc3 (45... Ne7 46. Ra7 Kf8 47. Ke2 Bb2 48. f4 $16) (45... Nxe3+ $5 {Hecht} 46.
fxe3 Bxe3 47. Ke2 Bg1 48. h3 Kf8 (48... h5 $142 {leaving the king behind und
den König hinten lassen} 49. Rb5 Kf8 50. Kf3 Bd4 51. Ke4 Bc3 52. Rb7 Kg8 53. g4
hxg4 54. hxg4 Bd2 55. Kd5 Bc3 56. e6 fxe6+ 57. Kxe6 $11 {[%csl Yf6,Yg5]}) 49.
g4 h6 50. Kf3 Ke7 51. Ke4 Bf2 52. Kd5 Be3 53. Rb5 Ke8 54. Rb7 Bf2 55. e6 fxe6+
56. Kxe6 $18) 46. Ra7 (46. Rc5 Bb2 47. Rc7 Kf8 48. Rb7 Ba1 49. g4 $16) 46...
Kg8 47. Ke1 Bb2 48. Ra5 Ne4 (48... Bc1 49. Ra8+ Kg7 50. Ra7 Kf8 51. g4 $16) 49.
Ke2 Ng5 $2 {Serious tactical mistake since white will now get the trapped
bishop on b2.} (49... f5 50. f3 (50. Kd3 Nxf2+ 51. Kc2 Bxe5 52. Rxe5 Ng4 53.
Rb5 Nxh2 54. Rb1 Ng4 55. Kd3 $16) 50... Ng5 51. h4 Nf7 52. f4 $16) 50. f4 Ne4 (
50... Ne6 51. Kd2 f6 52. Kc2 $18) 51. Ra8+ Kg7 52. Kd3 $1 Nf2+ 53. Kc2 Bxe5 54.
fxe5 Ng4 55. Ra5 Nxe3+ (55... Nxh2 56. Ra7 (56. Kd3 {(Hecht) with the
disadvantage that a white passed pawn will be created on the e-file. hat den
Nachteil, dass auf der e-Linie ein weißer Freibauer entstehen wird.}) 56... Kf8
57. Kd3 Nf1 58. g4 Nh2 59. Ra4 $18) 56. Kd3 Ng4 {Hecht: '[#] We have here a
line to compare to the variation after move 45. In rook vs. minor piece
endings, the knight is generally the weaker defensive piece because it is more
easily attacked and more prone to zugzwang. The main winning plan involves
flanking. The bishop on the other hand can be rock-solid in defence, because
it can defend pawns and squares from a distance, whilst remaining free from
attack.  ' Hecht: 'Ein Vergleich zur Variante im 45. Zug bietet sich an.  In
Endspielen mit dem Materialverhältnis Turm gegen Leichtfigur erweist sich in
der Regel der Springer als der schwächere Verteidiger, weil er leichter
angreifbar ist und in Zugzwang kommen kann. Umgehung lautet zumeist der
Gewinnplan. Mit dem Läufer dagegen läßt sich eher Verteidigungsbeton anrühren,
weil er aus der Ferne also ohne angreifbar zu sein, Bauern und Felder decken
kann. '} 57. h4 {Nakamura doesn't even have a pawn for the missing exchange,
white just needs patience to win.} h5 58. Ke4 Nh6 59. Ra7 Nf5 (59... Kf8 60.
Rd7 Nf5 61. Kf4 Ke8 62. Rb7 Kf8 63. g4 hxg4 64. Kxg4 $18) 60. e6 $1 Kf6 (60...
Nxg3+ 61. Kf4 Nf5 62. Rxf7+ Kg8 63. Rxf5 gxf5 64. Kxf5 Kg7 65. Kg5 $18) 61.
Rxf7+ (61. exf7 Nd6+ 62. Kf4 Nxf7 63. Ra6+ Kg7 $16) 61... Kxe6 62. Rf8 Nd6+ (
62... Nxg3+ 63. Kf4 Nf5 (63... Ke7 {Hecht} 64. Ra8 Nf5 65. Kg5 Kf7 66. Ra6 Ne7
{After the successful entry to g5 by the king, the knight is defending the
extra pawn. Der Springer verteidigt mit Mehrbauer Material nach erfolgtem
Königseinbruch auf g5.} 67. Rf6+ Kg7 68. Re6 Kf7 69. Rd6 Kg7 70. Rf6 Kg8 71.
Kh6 Nf5+ 72. Kxg6 Nxh4+ 73. Kxh5 Ng2 (73... Kg7 74. Rf2 Ng6 75. Rg2 $18) 74.
Rg6+ $18) 64. Kg5 Ne7 65. Rf6+ Ke5 (65... Kd7 {Hecht} 66. Ra6 Ke8 67. Kf6 Nf5
68. Ra4 $18) 66. Ra6 $18) 63. Kf4 Nf7 {Hecht: 'Here the knight is defending
entry squares.' Hecht: 'Hier verteidigt der Springer Einbruchsfelder'} 64. Ra8
Kf6 65. Ra6+ Kg7 66. Ke4 Nh6 67. Ke5 Ng4+ 68. Ke6 Kg8 69. Ra7 Kf8 70. Kd5 Kg8
71. Ke4 $1 {If the king gets to g5 the game will obviously be over.} Nf6+ (
71... Nh6 72. Ke5 Ng4+ 73. Kf4 $18) 72. Ke5 Nh7 73. Ke6 g5 74. hxg5 (74. hxg5
Nxg5+ 75. Kf5 Nf3 76. Kg6 Ne5+ 77. Kxh5 $18) 1-0

[Event "Lippstadt 9th"]
[Site "Lippstadt"]
[Date "1999.07.28"]
[Round "7"]
[White "Csom, Istvan"]
[Black "Romanishin, Oleg M"]
[Result "0-1"]
[WhiteElo "2472"]
[BlackElo "2567"]
[Annotator "Ftacnik,L"]
[PlyCount "70"]
[EventDate "1999.07.22"]
[EventType "tourn"]
[EventRounds "11"]
[EventCountry "GER"]
[EventCategory "8"]
[SourceTitle "CBM 072"]
[Source "ChessBase"]
[SourceDate "1999.10.01"]
[SourceVersion "1"]
[SourceVersionDate "1999.10.01"]
[SourceQuality "1"]

1. Nf3 Nf6 2. g3 d5 3. Bg2 g6 4. O-O Bg7 5. d4 O-O 6. c4 dxc4 7. Na3 Nc6 8.
Nxc4 Be6 9. b3 a5 10. Bb2 Bd5 11. Rc1 a4 12. bxa4 Ra6 13. Nfe5 Bxg2 14. Kxg2
Qa8 15. Nxc6 bxc6 16. Kg1 Rxa4 17. a3 Ne4 $1 {[%mdl 8] The idea is well known,
but black usually inserts 17...Rb8. The main advantage is the tactical trick
with Rxc4 in one of tactical lines.} (17... Rb8 18. Ba1 Ne4 (18... Nd7 19. Qc2
(19. Qd2 Qa6 20. Ne5 Nxe5 21. dxe5 Rxa3 22. Qd7 e6 23. Rxc6 Qxe2 24. Qxc7 Rba8
{0-1 Keglevic,P-Vujakovic,B/Makarska Tucepi/1995/ (30)}) 19... h5 (19... e6 20.
Rfd1 (20. e3 c5 21. Rfd1 cxd4 22. Bxd4 Nb6 23. Bxb6 cxb6 24. Nxb6 Rxb6 25. Qc8+
Bf8 26. Rd8 {1/2-1/2 Bogdan,D-Vokarev,S/Bucharest/1998/ (26)}) 20... Nb6 21.
Ne5 Bxe5 22. dxe5 Rxa3 {0-1 Sale,S-Rogulj,B/Medulin/1997/ (39)}) (19... c5 20.
Rfd1 cxd4 21. Bxd4 Nb6 22. Nxb6 cxb6 23. Bxg7 Kxg7 24. Rd7 Rxa3 25. Rxe7 Ra7 {
0-1 Antunes,A-Atalik,S/Pula/1997/ (60)}) 20. Ne3 c5 21. dxc5 Bxa1 22. Rxa1 Rxa3
23. Rxa3 Qxa3 {0-1 Graf,J-Ftacnik,L/BL8990/1990/ (38)}) (18... Nd5 19. Qc2 Nb6
20. Ne5 Bxe5 21. dxe5 Rxa3 22. e6 f6 23. Qc5 Re8 {0-1 Koskinen,H-Kekki,P/
Helsinki/1997/ (72)}) 19. Qc2 c5 20. dxc5 Bxa1 21. Rxa1 Nxc5 22. Rab1 Rxb1 23.
Rxb1 Qe4 24. Qxe4 Nxe4 25. Rc1 c5 {0-1 Gruen,P-Waldschlaeger,J/BL8384/1984/ 
(95)}) (17... Nd7 18. Ne5 Nxe5 19. dxe5 Rb8 20. Rc2 e6 21. Qd7 Ra5 22. e3 Bxe5
23. Bxe5 Rxe5 24. Rxc6 Ra5 25. Rxc7 Rf8 {1/2-1/2 Karpov,A-Piket,J/Tilburg/1996/
(25)}) 18. Ne5 $6 (18. Qc2 c5 19. Ne5 (19. dxc5 $2 Rxc4 20. Qxc4 Bxb2 $17) (19.
f3 Nc3 $3 20. Bxc3 Rxc4 21. Qd3 Rxc3 22. Rxc3 Bxd4+ 23. Kg2 Bxc3 24. Qxc3 Qa6
$15) 19... cxd4 (19... Bxe5 20. dxe5 c4 21. Rfd1 $14) 20. Nc6 Nc3 21. Nxd4 Bxd4
22. Bxc3 Bxc3 23. Qxc3 Rxa3 24. Qxc7 $11) 18... Bxe5 19. dxe5 Rd8 20. Qc2 (20.
Qe1 $2 Nd2 $19) 20... Rd2 21. Qb3 c5 {Black is clearly doing much better than
in many other lines.} (21... Rxe2 22. e6 f6 23. Rfe1 $15) 22. f3 (22. e6 f6 23.
f3 Qa7 $1 24. Qe3 Rxb2 25. fxe4 Rxa3 $19) 22... c4 23. Rxc4 (23. Qe3 Rxb2 24.
fxe4 Rxa3 25. Qf4 Qe8 26. Rxc4 Rxe2 $17) 23... Qa7+ $1 24. Kh1 $2 (24. Bd4 $5
Rxd4 25. Qxa4 Qxa4 26. Rxa4 Rxa4 27. fxe4 Rxa3 28. Rc1 Ra5 29. Rxc7 Rxe5 30.
Rc4 f6 $15) 24... Nf2+ 25. Kg2 (25. Rxf2 Rxc4 (25... Qxf2 26. Qb8+ Kg7 27. e6+
f6 28. Bxf6+ Kxf6 29. Qh8+ Kxe6 $19) 26. Qxc4 Qxf2 $19) 25... Rxc4 26. Qxc4 Nd1
$1 {The knight does a great job of jumping to unexpected squares with
devastating effect.} 27. Rxd1 (27. Bc1 Ne3+ $19) 27... Rxd1 28. e6 fxe6 (28...
f6 $5 29. Bxf6 Qe3 30. Bxe7 Qg1+ 31. Kh3 Rd4 32. Qxc7 Qf1#) 29. Qxe6+ Kf8 30.
Be5 (30. Bg7+ Kxg7 (30... Ke8 31. Qc8+ Rd8 32. Qe6 Qxa3 $17) 31. Qxe7+ $11)
30... Qb6 31. Qc8+ (31. Bg7+ Ke8 $1 32. Qxb6 cxb6 $19) 31... Kf7 32. Qxc7 Qg1+
33. Kh3 Qf1+ 34. Kg4 Qxe2 35. Qc3 Rd5 0-1

[Event "Keres Memorial"]
[Site "Tallinn/Parnu"]
[Date "1998.06.27"]
[Round "7"]
[White "Adianto, Utut"]
[Black "Yermolinsky, Alex"]
[Result "1/2-1/2"]
[WhiteElo "2615"]
[BlackElo "2660"]
[Annotator "Ftacnik,L"]
[PlyCount "94"]
[EventDate "1998.06.19"]
[EventType "tourn"]
[EventRounds "9"]
[EventCountry "EST"]
[EventCategory "15"]
[SourceTitle "CBM 066"]
[Source "ChessBase"]
[SourceDate "1998.09.30"]
[SourceVersion "1"]
[SourceVersionDate "1998.09.30"]
[SourceQuality "1"]

1. d4 Nf6 2. Nf3 g6 3. g3 Bg7 4. Bg2 d5 5. O-O O-O 6. c4 dxc4 7. Na3 c3 8. bxc3
c5 9. e3 Nc6 10. Bb2 Bf5 11. Qe2 e5 12. Nc4 (12. Rfc1 Bg4 (12... e4 13. Nd2 Re8
14. Nb3 cxd4 15. cxd4 Nb4 16. Nb5 Nfd5 17. Nc5 b6 18. Nb7 Qd7 19. N7d6 Bg4 20.
Qf1 Nd3 21. Bxe4 Rxe4 22. Qxd3 Re6 23. e4 Rxd6 24. Nxd6 Nb4 25. Qc4 Qxd6 26. a3
Qe7 27. axb4 Qxe4 {Dizdarevic,E-Horvath,J/Solin/1994/1/2-1/2 (51)}) 13. Qb5
exd4 14. cxd4 Bxf3 15. Bxf3 cxd4 16. Rd1 Ne8 17. Bxc6 Nc7 18. Qa4 bxc6 19. Bxd4
Bxd4 20. Rxd4 Qf6 21. Rc1 Ne6 22. Rd6 Rad8 23. Nc4 c5 {Spassov,L-Huenerkopf,H/
Munich op9192/1992/1/2-1/2 (47)}) (12. Rfd1 e4 (12... exd4 13. cxd4 cxd4 14.
Nxd4 Nxd4 15. Bxd4 Qe7 16. Qb2 $16) 13. Ne5 (13. Nd2 Bg4 14. f3 exf3 15. Nxf3
Re8 $15) 13... Nxe5 (13... Qc8 14. Nac4 Qe6 15. a4 h5 16. a5 Rac8 17. a6 b6 18.
Nxc6 Qxc6 19. Ne5 Qc7 20. h3 Rfe8 21. c4 cxd4 22. exd4 Nd7 23. g4 Nxe5 24. dxe5
hxg4 25. hxg4 Be6 26. Qxe4 Qxc4 {1/2-1/2 Gerber,R-Hort,V/SWZ-chT/1995/ (46)}) (
13... Re8 14. Nac4 $16) 14. dxe5 Nd7 {/\ Qe7, Ne5=/+} 15. g4 Be6 16. Bxe4 Qh4 (
16... Bxe5 $13) 17. f4 Bxg4 18. Bf3 Bxf3 19. Qxf3 Nb6 {פa3, Bb2} 20. c4 (20.
Qxb7 $6 Na4 21. Qg2 f6 $1 $36) 20... f6 21. exf6 Bxf6 22. Rab1 Rad8 (22... Rae8
$5 23. Bxf6 Rxf6 24. Rd3 Rfe6 25. Rc1 $15) 23. Rxd8 Rxd8 24. Bxf6 Qxf6 {
1/2-1/2 Konopka,M-Lagunow,A/BL2-N/1993/ (31)}) (12. e4 Bxe4 13. dxe5 Bd3 14.
Qd1 Ng4 15. Re1 c4 16. Bc1 Qa5 17. Nd4 Ngxe5 {0-1 Miguel,F-Aguilar,J/
Miraflores 1993}) (12. Nxe5 Nxe5 13. dxe5 Bd3 14. Qd1 (14. Qe1 Nd7 15. f4 Bxf1
16. Qxf1 Qe7 {/\ f6}) 14... Bxf1 15. exf6 Qxd1 16. Rxd1 Bxg2 17. fxg7 Rfd8 18.
Rxd8+ Rxd8 19. Kxg2 Rd2 20. Bc1 (20. Nc4 Rc2 21. a4 b6 22. Kf1 $1 a6 23. Ke1 b5
24. axb5 axb5 25. Kd1 Rxf2 26. Nd2 c4 27. Ba3 Kxg7 28. h4 $13) 20... Rxa2 21.
e4 Kxg7 22. Nb5 b6 23. Bf4 a6 24. Nc7 a5 25. Nd5 a4 26. Be5+ Kg8 27. Nxb6 a3 {
0-1 Pert,N-Kasparov,G/Oakham sim/1997/ (43)}) (12. h3 exd4 13. cxd4 Be4 14.
Rfd1 cxd4 15. Nxd4 Bxg2 16. Kxg2 Nxd4 17. Bxd4 Qd5+ 18. Qf3 Rfd8 19. Rac1 b6
20. Nb5 Qxf3+ 21. Kxf3 Rd5 22. a4 {Karpov,A-Pribyl,M/EE Internet sim/1998/}) (
12. dxe5 Bd3 13. Qd1 Bxf1 14. exf6 Bxg2 15. fxg7 Qxd1+ 16. Rxd1 Bxf3 17.
gxf8=Q+ Kxf8 $15) 12... exd4 (12... e4 13. Nfe5 Nxe5 14. Nxe5 h5 (14... Nd7 15.
Nc4 Nb6 16. Nd2 Re8 17. a4 Rc8 18. a5 Nd5 19. g4 cxd4 20. cxd4 Rc2 21. gxf5
Rxb2 22. fxg6 hxg6 23. Qe1 Bxd4 24. exd4 Nf4 25. Nxe4 Kg7 26. d5 {1-0 Paehtz,
T-Horvath,J/Elekes mem/1991/ (31)}) (14... Qc8 15. c4 Ng4 16. Nxg4 Bxg4 17. Qc2
cxd4 18. Bxd4 Bf3 19. Bxg7 {1/2-1/2 Delchev,A-Ninov,N/BUL-chT/1991/}) 15. Ba3 (
15. f3 exf3 16. Bxf3 Be4 17. c4 Qe7 18. Rae1 Rae8 19. Qg2 Bxf3 20. Qxf3 Nd7 21.
Nd3 Qe4 22. Ne5 Qxf3 23. Nxf3 Re7 24. Ba3 Rfe8 25. Bxc5 Nxc5 26. dxc5 Bh6 {
Boensch,U-Hoffmann,M/Lippstadt/1994/0-1 (55)}) (15. h3 Qc8 16. Kh2 Nd7 17. Nc4
Qc7 18. Kg1 Rfe8 19. Rfc1 Nb6 20. Qf1 Rac8 21. Ba3 Na4 22. Nb2 Nxb2 23. Bxb2
Qa5 24. a4 cxd4 25. cxd4 Rxc1 26. Qxc1 Rc8 {1/2-1/2 Dumitrache,D-Horvath,J/
Odorheiu Secuiesc zt/1995/ (48)}) (15. c4 Ng4 $13) (15. h3 $5) 15... b6 16. h3
Qc8 17. Kh2 Qc7 18. Rac1 Rac8 19. Kg1 Rfe8 20. c4 (20. g4 hxg4 21. hxg4 Rxe5 $1
$17) 20... cxd4 21. exd4 Nd7 22. g4 (22. Nxd7 Qxd7 $17 {><d4, h3}) 22... hxg4
23. Nxg4 (23. hxg4 Be6 $17) 23... Bxg4 24. Qxg4 Bxd4 {1/2-1/2 Abramovic,
B-Paunovic,D/JUG-chT2/1993/ (61)}) 13. cxd4 Be4 (13... Rc8 14. Rfd1 cxd4 15.
Nxd4 Nxd4 16. Rxd4 Nd7 17. Qd2 (17. Rf4 Bxb2 18. Qxb2 b6 19. Rd1 Rc5 20. Nd6
Ne5 21. Qe2 Bc2 22. Rd2 Qe7 23. Rfd4 Bb1 24. h3 Rc1+ 25. Kh2 h5 {1/2-1/2
Vaulin,A-Mansurov,V/URS-ch Club Pavlodar/1991/ (28)}) 17... b5 18. Na3 Qb6 19.
Rd6 Qxd6 20. Qxd6 Bxb2 21. Rd1 Rc5 22. Qa6 Rfc8 23. h3 Ne5 24. Nxb5 {1-0
Gorjatschkin,W-Brettschneider,S/Baden Baden op/1991/ (30)}) (13... cxd4 14.
Nxd4 Nxd4 (14... Bg4 15. Qd3 $14) 15. Bxd4 Qe7 16. Qb2 Be4 (16... Rac8 17. Na5
Rc7 18. Rfc1 Rfc8 19. Rxc7 Rxc7 20. Rc1 Rxc1+ 21. Qxc1 b6 22. Nc6 Qe6 23. Qa3
Bf8 24. Qxa7 {1-0 Zhang Zhong-Wang Zili/Tan Cup/1996/ (28)}) 17. Bxe4 Qxe4 18.
Nb6 (18. Nd6 Qe7 19. Nxb7 Rab8 20. Rab1 Rfc8 21. Bxa7 Ne8 22. Qb4 Qxb4 23. Rxb4
Ra8 24. Bd4 Rxa2 $14) 18... axb6 19. Bxf6 Bxf6 20. Qxf6 b5 21. Rfd1 Qc2 22.
Rdc1 Qd2 {1/2-1/2 Bandza,A-Ivanov,S/Katowice op/1993/ (28)}) 14. Rfd1 cxd4 15.
Nxd4 Bxg2 16. Kxg2 Qd5+ 17. Nf3 (17. f3 Rfd8 18. Rac1 Nxd4 19. Bxd4 {1/2-1/2
Andersson,U-Yermolinsky,A/Keres mem/1998/}) 17... Qb5 (17... Qe6 $5 18. Nd6
Rab8 19. Ng5 Qe7 20. Rab1 h6 $11) 18. Rab1 Qa6 19. Bxf6 Bxf6 20. Qc2 Rac8 (
20... b5 21. Nd6 b4 (21... Rab8 $2 22. Ne4 Bg7 23. Nc5 Qa3 24. Nd7 $18) 22. Ne4
$14) 21. Qb3 Na5 $6 {Forcing and very dubious, black can not hope to play any
position with N+4 pawns against B+3 pawns on the kingside with any pleasure or
even success.} (21... Rfd8 $5 22. Nd6 Rc7 23. Ne4 Be7 24. Rxd8+ Nxd8 25. Nc3
$13) 22. Nxa5 Qxa5 23. Rd6 (23. Qxb7 $5 Qxa2 24. Rd6 Kg7 25. Ra6 Qe2 26. Ng1
Qc2 27. Rxa7 Ra8 28. Rxa8 Rxa8 29. Qxa8 Qxb1 30. Nf3 $16) 23... Rc6 24. Rd5 Qb6
(24... Qa6 25. Qxb7 $16) 25. Rb5 Qa6 26. Rxb7 Rc3 27. Qd5 Rc2 28. Rd7 (28. Nd4
Bxd4 29. exd4 Qf6 30. Qf3 Qxd4 $14) 28... Qxa2 {Yermolinsky managed to keep
the a7 pawn on board, but his psoition is still far from equal.} (28... Qe2 $2
29. Nd2 $18) 29. Qxa2 Rxa2 30. Rbb7 a5 31. Ra7 (31. e4 Re2 32. e5 Bg7 $14)
31... a4 32. Nd2 a3 33. Nc4 Bb2 $1 34. Rd1 (34. Nxb2 $2 axb2 $1 35. Rab7 (35.
Rxa2 b1=Q $19) 35... Ra7 $1 36. Rxa7 b1=Q $19) 34... Rc8 35. Nb6 (35. Nxb2 Rxb2
36. Rxa3 Rcc2 37. Rf1 Kg7 $11) 35... Rb8 36. Nd5 Bg7 37. Ne7+ Kf8 38. Nc6 Re8 (
38... Rbb2 $4 39. Rd8#) 39. Rdd7 Kg8 40. Rxf7 Bf8 41. Rfc7 (41. Kf3 Rd2 42.
Rxh7 a2 43. Rhb7 Re6 44. Nd4 Rf6+ 45. Ke4 Rfxf2 46. Ne6 Rd1 47. Nxf8 a1=Q 48.
Rxa1 Rxa1 49. Nxg6 Rxh2 $14) 41... Rb2 42. Nd4 (42. Kf3 a2 43. Nd4 Re7 44. Rxe7
Bxe7 45. Ne2 Rc2 46. Nd4 Rb2 $11) 42... Rxe3 {Black managed to prove, that he
can defend and create counterplay at the same time.} 43. Rc8 a2 44. Raa8 Kg7
45. Rxf8 a1=Q 46. Rg8+ (46. Rxa1 Kxf8 $17) 46... Kf7 47. Rgf8+ Kg7 (47... Ke7
$2 48. Nc6+ Kd7 49. Rxa1 Kxc6 50. Ra7 $18) 1/2-1/2

[Event "Vinkovci"]
[Site "Vinkovci"]
[Date "1995.??.??"]
[Round "?"]
[White "Kurajica, Bojan"]
[Black "Palac, Mladen"]
[Result "0-1"]
[WhiteElo "2585"]
[BlackElo "2545"]
[Annotator "Ftacnik,L"]
[PlyCount "66"]
[EventDate "1995.04.??"]
[EventType "tourn"]
[EventRounds "11"]
[EventCountry "CRO"]
[EventCategory "9"]
[SourceTitle "CBM 048"]
[Source "ChessBase"]
[SourceDate "1995.10.01"]
[SourceVersion "1"]
[SourceVersionDate "1995.10.01"]
[SourceQuality "1"]

1. d4 Nf6 2. Nf3 g6 3. g3 Bg7 4. Bg2 O-O 5. O-O d5 6. c4 dxc4 7. Na3 c3 8. bxc3
c5 9. e3 {This modest move have given this line a new life, white wants to
build a small, longterm advantage.} Nc6 10. Qe2 Bf5 11. Rd1 Be4 12. Bb2 Qb6 (
12... cxd4 13. exd4 e6 (13... Qa5 14. c4 e6 15. Nb5 Rfd8 (15... a6 16. Nd6 Bxf3
17. Bxf3 $14) 16. a4 Bxf3 17. Bxf3 Rd7 18. d5 exd5 19. cxd5 Ne7 20. d6 Nf5 21.
Rab1 $1 Qd8 22. Be5 Ne8 23. Bf4 Nfxd6 24. Nxd6 Nxd6 25. Qd2 $1 $16 {Nikolic,
Pr-Schmidt,Wl/Novi Sad olm/1990/1-0 (35)}) 14. c4 Re8 15. Ne5 Bxg2 16. Kxg2 Rc8
17. f4 a6 18. Qf3 Nd7 19. Rab1 Ncxe5 20. fxe5 b6 21. Rbc1 Qc7 22. Nb1 f6 23.
exf6 Bxf6 24. Nd2 Bg7 25. Ne4 Rf8 {Drasko,M-Popovic,P/JUG-ch Novi Sad/1995/1-0
(40)}) (12... Qa5 13. Bf1 {/\ Nd2}) 13. Nc4 Qa6 14. Bf1 cxd4 15. cxd4 (15. exd4
Rac8 16. Nfd2 Bf5 17. Qe1 Qa4 18. Ne3 Bd7 19. d5 Na5 20. c4 b5 21. cxb5 Bxb5
22. Bh3 Rcd8 {0.5/Korotylev,A-Zvjaginsev,V/St.Petersburg op (03)/1994/}) 15...
Rac8 16. Nfd2 Na5 17. Na3 (17. Nxe4 Nxe4 (17... Nxc4 $2 18. Nc5 Rxc5 (18... Qb5
19. Qxc4 Qxb2 20. Rdb1 Qd2 21. Rxb7 $16) 19. dxc5 Nxb2 20. Qxb2 $18) 18. Nxa5
Qxa5 19. Bg2 f5 $13) 17... Qxe2 18. Bxe2 Bd5 19. Bd3 Nd7 20. Rdb1 (20. e4 Be6
21. Rdb1 Bh3 $13) 20... Nb6 21. Nb5 (21. e4 Bc4 22. Naxc4 Naxc4 23. Nxc4 Nxc4
$15) 21... a6 22. Nc3 Be6 23. Nce4 Nbc4 24. Bc3 (24. Nxc4 Nxc4 25. Bc3 Bf5)
24... Bf5 $1 {[%cal Ye7e5] Palac plays very skillfuly against the static white
ecnter, idea e7-e5 looms in the air.} 25. Rc1 (25. Nxc4 Nxc4 26. Rb3 (26. Rxb7
$2 Bxe4 27. Bxe4 Nd6 $19)) 25... Rfd8 26. Bf1 (26. Nc5 Bxd3 27. Nxd3 b6 $13)
26... b5 27. Nxc4 Nxc4 28. Nc5 Rd6 29. a4 (29. Bxc4 bxc4 30. Bb4 e5 $1) 29...
e5 $1 30. axb5 (30. Bxc4 bxc4 (30... exd4 31. Bxd4 bxc4 32. Rxc4 $14) 31. dxe5
Rdc6 32. Nb7 Bf8 $44) 30... axb5 31. dxe5 $2 (31. Bxc4 bxc4 32. dxe5 Rd5 33.
Nb7 Bxe5 34. Bxe5 Rxe5 35. Nd6 $14) 31... Nxe5 (31... Rdc6 32. Nb3 Nxe3 33.
fxe3 Rxc3 34. Rxc3 Rxc3 35. Ra8+ Bf8 36. Nd4 $13) 32. Bxe5 (32. Bd4 Nf3+) 32...
Bxe5 33. Ra5 Bb2 $1 0-1